| 000 | 00919nam0a22002771 4500 | ||
|---|---|---|---|
| 001 | rc\4877808 | ||
| 005 | 20250613024844.0 | ||
| 021 |
_aRU _b[58-2081] |
||
| 035 | _a(NLR Aleph) 008914550 | ||
| 090 |
_a8785150 _c8785150 |
||
| 100 | _a20130426d1957 |||y0rusy50 ca | ||
| 101 | 0 | _arus | |
| 102 | _aRU | ||
| 105 | _ag z ||||| | ||
| 200 | 1 |
_aНаша молодость _eЛит.-репертуарный сборник |
|
| 210 |
_aМосква _cИскусство _d1957 |
||
| 215 |
_a223 с. _cнот. _d20 |
||
| 300 | _aНа обороте тит. л. сост.: С.П. Бенке, С.И. Прокофьев | ||
| 606 |
_aХудожественная самодеятельность _xРепертуар _2psbo |
||
| 702 | 1 |
_aБенке _bС.П. _4220 |
|
| 702 | 1 |
_aПрокофьев _bС.И. _4220 |
|
| 801 | 0 |
_aRU _bNLR _gpsbo |
|
| 801 | 1 |
_aRU _bELAR _2rusmarc |
|
| 852 |
_aNLR _j58-3/575 |
||
| 942 | _cBOOK | ||
| 980 | _aNB | ||